| 000 | 00494 a2200169 4500 | ||
|---|---|---|---|
| 003 | OSt | ||
| 005 | 20240119114600.0 | ||
| 008 | 240119b |||||||| |||| 00| 0 eng d | ||
| 040 | _coclc | ||
| 082 |
_a297 _bHAS/M |
||
| 100 |
_aHassan, K. Abdulla _910288 |
||
| 245 |
_aMuslimkal Bahuswara Samoohathil / _cK. Abdulla Hassan |
||
| 250 | _a2nd ed. | ||
| 260 |
_aKozhikode: _bIslamic Publishing House, _c2021. |
||
| 300 | _a120p. | ||
| 942 |
_2ddc _cBK _h297 _iHAS/M _k297 _mHAS/M |
||
| 999 |
_c43263 _d43263 |
||